| 000 | 00570cam a2200181 a 4500 | ||
|---|---|---|---|
| 020 | _a0029059305 | ||
| 082 | 0 | 0 |
_a940.27 _bNAP |
| 245 | 0 | 0 |
_aNapoleon's marshals / _cDavid G. Chandler, editor-in-chief. |
| 260 |
_aNew York : _bMacmillan, _cc1987. |
||
| 300 |
_alxiii, 560 p. : _bill. ; _c26 cm. |
||
| 500 | _aIncludes indexes. | ||
| 526 |
_a0 _b0 _c0 _d940_270000000000000_NAP |
||
| 650 | 0 |
_aMarshals _zFrance _xBiography. _948878 |
|
| 650 | 0 |
_aMCE _9379 |
|
| 650 | 0 |
_aNapoleonic Wars, 1800-1815 _xBiography. _948879 |
|
| 700 | 1 |
_aChandler, David G. _948650 |
|
| 942 |
_2ddc _cBK |
||
| 999 |
_c551750 _d551750 |
||